000 03100cam a22004934i 4500
003 PE-LiUPU
005 20250731173326.0
008 150625s2007 miua rb 000 0 eng d
020 _a0801026458
035 _a(Sirsi) i9780801026454
040 _aPE-LiUPU
_bspa
_cPE-LiUPU
_erda
049 _aPRUA
082 0 4 _a224.1061
_bB43
_221
100 1 _aBeyer, Bryan E.,
_eautor.
245 1 0 _aEncountering the book of Isaiah :
_ba historical and theological survey /
_cBryan E. Beyer.
264 1 _aMichigan :
_bBaker Academic,
_c2007.
300 _a303 páginas :
_bilustraciones ;
_c25 centímetros
336 _atext
_2rdacontent
337 _aunmediated
_2rdamedia
338 _avolume
_2rdacarrier
504 _aIncluye bibliografía.
505 0 _aWho was Isaiah, and what do we know about him and his book? -- Isaiah's opening words to God's people: Isaiah 1:2-31 -- God's call to live in light of the future: Isaiah 2:1-5:30 -- Isaiah's call to prophetic Ministry: Isaiah 6:1-13 -- The signs of Inmanuel and Maher-Shalal-Hash-Baz: Isaiah 7:1-8-22 -- God-s Kingdom Will Surpass all earthly Kingdoms: Isaiah 9:1-12:6 -- Oracles against the nations: Isaiah 13:1-13:18 -- The "Little Apocalypse": Isaiah 24:1-27:13. -Oracles of Woe: Isaiah 28:1-33:24 -- Eschatological Summation: Isaiah 34:1-35:10 -- Highlights from Hezekiah's Reign: Isaiah 36:1-39:8 -- Introduction to Isaiah 40-66. -God's people are coming home! Isaiah 40:1-31. -Proclamation of Deliverance and restoration: Isaiah 41:1-45:25 -- The fall of Babylon: Isaiah 46:1-47:15 -- Israel's release and exaltation: Isaiah 48:1-52:12 -- The suffering servant: Isaiah 52:13-53:12. -Celebrating the return: Isaiah 54:1-58:21. -The Grand finale of God's restoration: Isaiah 60:1-66:24. -Isaiah and the Old Testament. -Isaiah and the New Testament -- Isaiah and the Great commission.
526 _aSEG42
526 _aSEG41
526 _aSEG40
526 _aSEG39
526 _aP94
526 _aP87
526 _aP86
526 _aP85
526 _aP77
526 _aP76
526 _aP35
541 _g103-8190058-5681041;
541 _g104-3776787-4588217;
630 _aBibia.
_pA.T.
_pIsaías
_vLibro de texto.
942 _2ddc
_cBOOK
949 _a224.1061 B43
_wDEWEY
_c1
_i59780
_d2016-7-25
_e2016-7-21
_lCCODEBUL1
_mBUL
_n2
_p18.00
_r0
_sY
_tBOOK
_u2015-6-25
_xTEOLOGIA
_PP35
_0COMPRA
_o.STAFF. Colección General
949 _a224.1061 B43
_wDEWEY
_c2
_i58649
_lCCODEBUL1
_mBUL
_p17.00
_r0
_sY
_tBOOK
_u2015-6-25
_xTEOLOGIA
_zUNKNOWN
_0COMPRA
_o.STAFF. Colección General
994 _aC0
_bPEPRU
596 _a1
999 _a224.1061 B43
_wDEWEY
_c47530
_i59780
_d47530
_e2022-5-15
_f2021-11-9
_g5
_lCCODEBUL1
_mBUL
_n3
_p18.00
_q14
_r0
_sY
_tBOOK
_u2015-6-25
_xTEOLOGIA
_PP35
_0COMPRA
_o.STAFF. Colección Teología
999 _a224.1061 B43
_wDEWEY
_c2
_i58649
_d2022-6-9
_e2022-6-7
_f2021-11-9
_g5
_lCCODEBUL1
_mBUL
_n3
_p17.00
_q6
_r0
_sY
_tBOOK
_u2015-6-25
_xTEOLOGIA
_PP35
_0COMPRA
_o.STAFF. Colección Teología
980 _81
_gALBERTO SANCHEZ Responsable de Automatización